[Event "Druzynowe Mistrzostwa Polski Niewidomych i Slabowidzacych w Szachach"]
[Site "Wielspin Wagrowiec"]
[Date "1899-12-30"]
[Round "7.14"]
[White "Stolarczyk, Anna"]
[Black "Binkowski, Kazimierz"]
[Result "1-0"]
[WhiteTitle "WCM"]
[BlackTitle "II"]
[WhiteElo "1947"]
[BlackElo "1567"]

1. d4 Nf6 2. Nf3 d5 3. Bg5 Ne4 4. Bf4 Nc6 5. e3 a6 6. c4 e6 7. a3 Bd6 8. Bxd6 Nxd6
9. c5 Ne4 10. Nbd2 f5 11. Bd3 O-O 12. O-O Bd7 13. b4 Be8 14. Qb3 Bh5 15. a4 Bxf3
16. Nxf3 g5 17. Bxe4 fxe4 18. Nd2 Qf6 19. Nb1 Ne7 20. Nc3 c6 21. Qc2 Qg6 22. b5
g4 23. bxc6 bxc6 24. Ne2 Nf5 25. Rab1 Rfb8 26. Rb6 Qe8 27. Rfb1 Rc8 28. Nf4 h5
29. a5 h4 30. Qe2 Nh6 31. Rxa6 Rxa6 32. Qxa6 g3 33. hxg3 hxg3 34. fxg3 Ng4 35.
Qe2 Nf6 36. g4 Nd7 37. Rb7 e5 38. Nh5 Kh7 39. g5 exd4 40. Qb2 Kg8 41. Rxd7 Qxh5
42. Qxd4 Qg6 43. Qf6 Qxf6 44. gxf6 Ra8 45. Rc7 Ra6 46. g4 Rxa5 47. g5 1-0

[Event "Druzynowe Mistrzostwa Polski Niewidomych i Slabowidzacych w Szachach"]
[Site "Wielspin Wagrowiec"]
[Date "1899-12-30"]
[Round "7.16"]
[White "Lazuka, Jan"]
[Black "Stachanczyk, Jacek"]
[Result "0-1"]
[WhiteTitle "III"]
[BlackTitle "IM"]
[WhiteElo "1274"]
[BlackElo "2188"]

1. e4 c5 2. Nc3 Nc6 3. a3 Nf6 4. Bb5 g6 5. Bxc6 dxc6 6. h3 Bg7 7. Nf3 O-O 8. d3
Nd7 9. O-O Re8 10. Be3 e5 11. Qd2 Qe7 12. Rab1 Nf8 13. b3 Ne6 14. Na4 Nd4 15.
Bxd4 cxd4 16. b4 Qf6 17. Qg5 Qxg5 18. Nxg5 b6 19. Nb2 b5 20. a4 a6 21. Ra1 Bd7
22. Rfc1 Bh6 23. h4 f6 24. Nxh7 Bxc1 25. Nxf6+ Kf7 26. Nxe8 Bxb2 27. Rb1 Kxe8
28. Rxb2 bxa4 29. Ra2 c5 30. bxc5 Rc8 31. g3 Rxc5 32. f4 exf4 33. gxf4 Rc3 34.
f5 gxf5 35. exf5 a3 36. f6 Kf7 37. Kg2 Be6 38. Ra1 Rxc2+ 39. Kg3 a2 0-1

[Event "Druzynowe Mistrzostwa Polski Niewidomych i Slabowidzacych w Szachach"]
[Site "Wielspin Wagrowiec"]
[Date "1899-12-30"]
[Round "7.17"]
[White "Dukaczewski, Piotr"]
[Black "Sargalski, Andrzej"]
[Result "1-0"]
[WhiteTitle "IM"]
[BlackTitle "I++"]
[WhiteElo "2229"]
[BlackElo "1840"]

1. c4 Nf6 2. Nc3 d5 3. cxd5 Nxd5 4. g3 e6 5. Bg2 c5 6. Nf3 Nc6 7. O-O Be7 8. Qc2
O-O 9. d3 b6 10. a3 Bb7 11. Bd2 Rc8 12. e3 f5 13. e4 Nd4 14. Nxd4 cxd4 15. exd5
dxc3 16. bxc3 Bxd5 17. Bh3 Bf6 18. Rac1 Qd6 19. c4 Bb7 20. Bb4 Qc6 21. f3 Rfd8
22. Bg2 a5 23. Be1 Qc5+ 24. Bf2 Bd4 25. Qe2 Rd6 26. Rb1 Rcd8 27. Rb5 Bxf2+ 28.
Rxf2 Qxa3 29. c5 Ba6 30. cxd6 Bxb5 31. Qxe6+ Kh8 32. Qxf5 Bxd3 33. Qd5 Qxd6 34.
Qxd6 Rxd6 35. Rd2 Rd7 36. Bh3 Rd5 37. Be6 Rd4 38. Bf5 Bxf5 39. Rxd4 h6 40. Rd5
Bc2 41. Rb5 a4 42. Rxb6 Kh7 43. Ra6 Bb3 44. Kf2 h5 45. Ke3 g6 46. Kf4 Kh6 47.
Ke5 Bd1 48. f4 h4 49. f5 hxg3 50. Rxg6+ Kh7 51. Rxg3 Bb3 52. f6 Bc4 1-0

[Event "Druzynowe Mistrzostwa Polski Niewidomych i Slabowidzacych w Szachach"]
[Site "Wielspin Wagrowiec"]
[Date "1899-12-30"]
[Round "7.18"]
[White "Wyrzykowski, Jozef"]
[Black "Wolanski, Michal"]
[Result "0-1"]
[WhiteTitle "I"]
[BlackTitle "I++"]
[WhiteElo "1642"]
[BlackElo "1876"]

1. c4 Nf6 2. Nc3 c5 3. Nf3 Nc6 4. g3 g6 5. Bg2 Bg7 6. d3 O-O 7. O-O Rb8 8. a3 Re8
9. Rb1 a5 10. Nb5 d5 11. Bf4 e5 12. Bg5 d4 13. Nd2 h6 14. Bxf6 Bxf6 15. Ne4 Be7
16. Qc2 f5 17. Nd2 Be6 18. f4 exf4 19. Rxf4 Bg5 20. Rff1 Ne5 21. h3 h5 22. Kh1
h4 23. Nf3 Bf6 24. gxh4 Kg7 25. Rf2 Rh8 26. Nxe5 Bxe5 27. Rf3 Rxh4 28. Rbf1 Bd7
29. e4 f4 30. a4 Qg5 31. Qf2 Rbh8 32. Kh2 Bxh3 33. Kg1 Bxg2 34. Qxg2 Rh1+ 35.
Kf2 R8h2 36. Qxh2 Rxh2+ 37. Ke1 Qh4+ 38. R1f2 Rxf2 39. Rxf2 f3 0-1

[Event "Druzynowe Mistrzostwa Polski Niewidomych i Slabowidzacych w Szachach"]
[Site "Wielspin Wagrowiec"]
[Date "1899-12-30"]
[Round "7.19"]
[White "Debowska, Teresa"]
[Black "Spionkowski, Fabian"]
[Result "1-0"]
[WhiteTitle "WFM"]
[BlackTitle "II"]
[WhiteElo "1721"]
[BlackElo "1302"]

1. e4 d6 2. f4 e5 3. d3 Nc6 4. c3 Nf6 5. f5 d5 6. Nd2 dxe4 7. dxe4 Bc5 8. Qf3 Bd7
9. b4 Bb6 10. Nc4 Bxg1 11. Rxg1 Qe7 12. a4 O-O-O 13. b5 Nb8 14. Ba3 Qe8 15. Rb1
b6 16. g4 h6 17. Be2 c6 18. Nd6+ 1-0

[Event "Druzynowe Mistrzostwa Polski Niewidomych i Slabowidzacych w Szachach"]
[Site "Wielspin Wagrowiec"]
[Date "1899-12-30"]
[Round "8.2"]
[White "Dukaczewski, Piotr"]
[Black "Zelajtys, Jozef"]
[Result "1-0"]
[WhiteTitle "IM"]
[BlackTitle "I"]
[WhiteElo "2229"]
[BlackElo "1704"]

1. e4 e6 2. d4 d5 3. Nd2 Nf6 4. e5 Nfd7 5. c3 c5 6. f4 Nc6 7. Ndf3 cxd4 8. cxd4
Be7 9. Ne2 O-O 10. g3 f6 11. Bh3 Nb6 12. O-O fxe5 13. fxe5 Bd7 14. Nf4 Qc8 15.
b3 Nd8 16. Be3 Bb5 17. Rf2 Qd7 18. a4 Bc6 19. a5 Nc8 20. Nd2 a6 21. Qg4 Rf5 22.
Nxe6 Qxe6 23. Qxf5 Bd7 24. Qxe6+ Bxe6 25. Bf1 Na7 26. Rc1 Nb5 1-0

[Event "Druzynowe Mistrzostwa Polski Niewidomych i Slabowidzacych w Szachach"]
[Site "Wielspin Wagrowiec"]
[Date "1899-12-30"]
[Round "8.3"]
[White "Kaciotys, Mieczyslaw"]
[Black "Wolanski, Michal"]
[Result "1/2-1/2"]
[WhiteTitle "II+"]
[BlackTitle "I++"]
[WhiteElo "1668"]
[BlackElo "1876"]

1. e4 c5 2. Bc4 d6 3. Nc3 Nc6 4. a3 Nf6 5. h3 g6 6. d3 Bg7 7. Be3 O-O 8. Qd2 e6
9. Bg5 a6 10. Nf3 b5 11. Ba2 Bb7 12. Nh2 Qc7 13. Ng4 Nd7 14. Bh6 Bxh6 15. Nxh6+
Kh8 16. Qf4 Nce5 17. Ne2 d5 18. exd5 Bxd5 19. Bxd5 exd5 20. Ng4 Rae8 21. O-O Qc6
22. Rfe1 Nxg4 23. Qxg4 Re7 24. Nf4 Rfe8 25. Rxe7 Rxe7 26. Qf3 Re5 27. c4 Nb6 28.
cxd5 Nxd5 29. Nxd5 Qxd5 30. Qf6+ Kg8 31. Qxa6 Qxd3 32. a4 Qb3 33. Qxb5 Qxb5 34.
axb5 c4 35. Rc1 Rxb5 36. Rc2 Kf8 37. Rd2 Rb3 38. Kf1 Ke7 39. Ke2 c3 1/2-1/2

[Event "Druzynowe Mistrzostwa Polski Niewidomych i Slabowidzacych w Szachach"]
[Site "Wielspin Wagrowiec"]
[Date "1899-12-30"]
[Round "8.4"]
[White "Debowska, Teresa"]
[Black "Perszewska, Krystyna"]
[Result "1-0"]
[WhiteTitle "WFM"]
[BlackTitle "I"]
[WhiteElo "1721"]
[BlackElo "1449"]

1. e4 c5 2. g3 d6 3. Bg2 g6 4. d4 cxd4 5. Qxd4 Nf6 6. c3 Nc6 7. Qd1 Bg7 8. Ne2
O-O 9. O-O Bd7 10. Nd2 a6 11. h3 Qc7 12. Nb3 Be6 13. Nf4 Bc4 14. Re1 Rad8 15.
Nd5 Nxd5 16. exd5 Ne5 17. f4 Nd7 18. Be3 e6 19. dxe6 Bxe6 20. Nd4 Nf6 21. Kh2
d5 22. Qc2 Ne4 23. Rad1 Bd7 24. Qb3 Bc6 25. Qc2 Bf6 26. Nf3 Bb5 27. a4 Bc6 28.
Nd4 Rd7 29. Bxe4 dxe4 30. Nxc6 Qxc6 31. Rxd7 Qxd7 32. Rd1 1-0

[Event "Druzynowe Mistrzostwa Polski Niewidomych i Slabowidzacych w Szachach"]
[Site "Wielspin Wagrowiec"]
[Date "1899-12-30"]
[Round "8.5"]
[White "Grzywacz, Ryszard"]
[Black "Sargalski, Andrzej"]
[Result "0-1"]
[WhiteTitle "I"]
[BlackTitle "I++"]
[WhiteElo "1704"]
[BlackElo "1840"]

1. e4 d5 2. exd5 Nf6 3. Nc3 Nxd5 4. Nxd5 Qxd5 5. d3 Nc6 6. Nf3 Bg4 7. Be2 e6 8.
c3 O-O-O 9. d4 h6 10. Be3 g5 11. a3 Be7 12. O-O f5 13. c4 Qd7 14. b4 Bxf3 15.
Bxf3 Nxd4 16. c5 Nxf3+ 17. Qxf3 Qd5 18. Qe2 Qe4 19. f3 Qd3 20. Qf2 Bf6 21. Ra2
f4 22. Rd2 fxe3 23. Qe2 Qxd2 24. Qb5 e2 25. c6 Bd4+ 26. Kh1 exf1=Q+ 27. Qxf1 Qf2
28. cxb7+ Kxb7 0-1

[Event "Druzynowe Mistrzostwa Polski Niewidomych i Slabowidzacych w Szachach"]
[Site "Wielspin Wagrowiec"]
[Date "1899-12-30"]
[Round "8.6"]
[White "Wyrzykowski, Jozef"]
[Black "Pawlik, Tomasz"]
[Result "0-1"]
[WhiteTitle "I"]
[BlackTitle "II+"]
[WhiteElo "1642"]
[BlackElo "1658"]

1. c4 Nf6 2. Nc3 e6 3. Nf3 Be7 4. d4 d5 5. cxd5 exd5 6. g3 O-O 7. Bg2 c6 8. O-O
Nbd7 9. a3 a5 10. Bd2 Ne4 11. Nxe4 dxe4 12. Ne1 f5 13. e3 Nf6 14. Rc1 Be6 15.
f3 Qd7 16. fxe4 fxe4 17. Qc2 Bh3 18. Bc3 Bxg2 19. Nxg2 Bd6 20. Rf2 Rae8 21. Bxa5
Qh3 22. Qe2 Bxg3 23. hxg3 Qxg3 24. Rf4 Nd5 25. Rxf8+ Rxf8 26. Rf1 Rf3 27. Bd2
h5 28. Qe1 Qg4 29. Qh4 Rxf1+ 30. Kxf1 Qd1+ 31. Qe1 Qf3+ 32. Kg1 g5 33. Qf2 Kg7
34. Qxf3 exf3 0-1

[Event "Druzynowe Mistrzostwa Polski Niewidomych i Slabowidzacych w Szachach"]
[Site "Wielspin Wagrowiec"]
[Date "1899-12-30"]
[Round "8.7"]
[White "Binkowski, Kazimierz"]
[Black "Skiera, Edward"]
[Result "1-0"]
[WhiteTitle "II"]
[BlackTitle "II"]
[WhiteElo "1567"]
[BlackElo "1442"]

1. c4 Nf6 2. Nc3 d5 3. cxd5 Nxd5 4. e4 Nxc3 5. bxc3 e5 6. Nf3 Bg4 7. Be2 Bxf3 8.
Bxf3 Nd7 9. O-O Be7 10. d4 c6 11. Be3 O-O 12. Qb3 b6 13. Rad1 Qc7 14. Rd3 c5 15.
Qb2 cxd4 16. cxd4 Bf6 17. d5 Rac8 18. Rc1 Qb8 19. Rxc8 Rxc8 20. Rc3 Kf8 21. g3
Be7 22. a4 Bc5 23. Be2 Bxe3 24. Rxe3 Qc7 25. Kg2 Qc2 26. Qb5 Qc7 27. Bg4 Rd8 28.
Bxd7 Qxd7 29. Rc3 Qxb5 30. axb5 Rd7 31. f4 f6 32. Kf3 Ke8 33. fxe5 fxe5 34. Kg4
Re7 35. Kf5 Kd7 36. Rc6 1-0

[Event "Druzynowe Mistrzostwa Polski Niewidomych i Slabowidzacych w Szachach"]
[Site "Wielspin Wagrowiec"]
[Date "1899-12-30"]
[Round "8.9"]
[White "Filipiak, Rajmund"]
[Black "Kowalczyk, Marian"]
[Result "0-1"]
[WhiteTitle "II+"]
[BlackTitle "I++"]
[WhiteElo "1693"]
[BlackElo "1946"]

1. d4 c5 2. d5 Nf6 3. Bf4 g6 4. e3 d6 5. Nf3 Bg7 6. c3 O-O 7. Qb3 Qc7 8. Nbd2 a6
9. a4 b6 10. Be2 Nbd7 11. O-O Nh5 12. Bg5 Ndf6 13. c4 h6 14. Bh4 g5 15. Bg3 Nxg3
16. hxg3 Bd7 17. Bd3 Rab8 18. Rfb1 Ng4 19. Qc2 a5 20. Ra2 f5 21. Re1 Ne5 22. Nxe5
dxe5 23. Be2 f4 24. exf4 exf4 25. g4 Rf7 26. Bf3 Kf8 27. b3 Qd6 28. Qd1 Qf6 29.
Ne4 Qg6 30. d6 e6 31. Rc2 Bd4 32. Rce2 Re8 33. Qc2 Kg7 34. Qd1 Kf8 35. Qb1 Kg7
36. Qc2 Rc8 37. Nc3 Qxc2 38. Rxc2 Re8 39. Ne4 e5 40. Nc3 Bxc3 41. Rxc3 Rf6 42.
Rd3 Kf8 43. Rd2 Ree6 44. Kf1 Rxd6 45. Rxd6 Rxd6 46. Rxe5 Rd3 47. Rd5 Rxd5 48.
Bxd5 Bxg4 49. f3 Bf5 50. Be4 Bxe4 51. fxe4 Ke7 52. g3 fxg3 53. Kg2 h5 0-1

[Event "Druzynowe Mistrzostwa Polski Niewidomych i Slabowidzacych w Szachach"]
[Site "Wielspin Wagrowiec"]
[Date "1899-12-30"]
[Round "8.10"]
[White "Niecko, Stanislaw"]
[Black "Barnowski, Sylwester"]
[Result "0-1"]
[WhiteTitle "I+"]
[BlackTitle "I"]
[WhiteElo "1795"]
[BlackElo "1776"]

1. e4 e5 2. Nf3 Nf6 3. Nc3 Nc6 4. Bc4 Bb4 5. d3 O-O 6. a3 Bxc3+ 7. bxc3 h6 8. O-O
d6 9. Rb1 Na5 10. Ba2 c5 11. h3 c4 12. Re1 Be6 13. d4 Qc7 14. Qe2 Rfc8 15. Rb4
a6 16. Nh4 b5 17. Qf3 Nc6 18. Rb1 exd4 19. Bxh6 dxc3 20. Qg3 Ne8 21. f4 f6 22.
f5 Bf7 23. Bf4 Ne5 24. Bxe5 dxe5 25. Ng6 Qc5+ 26. Kh2 Bxg6 27. fxg6 Qxa3 28. Qh4
Qxa2 29. Qh7+ Kf8 30. Qh8+ Ke7 31. Qg8 Nd6 32. Qxg7+ Ke6 33. Rbd1 Qxc2 34. Rd5
Qd2 35. Rxd2 cxd2 36. Rf1 Rf8 37. Qc7 Nxe4 38. Qc6+ Nd6 39. g7 Rg8 40. Qf3 f5
41. Rd1 e4 42. Qe3 c3 43. Qxc3 Nc4 44. Qg3 e3 45. Qf3 Ke5 46. Rf1 Kd4 47. Qf4+
Kc3 48. Qxf5 Rae8 49. Qf6+ Kb4 50. Rb1+ Kc5 51. Qxa6 Rb8 52. Qa7+ Kd6 53. Qd4+
Kc6 0-1

[Event "Druzynowe Mistrzostwa Polski Niewidomych i Slabowidzacych w Szachach"]
[Site "Wielspin Wagrowiec"]
[Date "1899-12-30"]
[Round "8.11"]
[White "Traczyk, Tadeusz"]
[Black "Stolarczyk, Anna"]
[Result "1/2-1/2"]
[WhiteTitle "I"]
[BlackTitle "WCM"]
[WhiteElo "1811"]
[BlackElo "1947"]

1. e4 c5 2. Nf3 d6 3. d4 cxd4 4. Nxd4 Nf6 5. Nc3 a6 6. Bg5 e6 7. Qd2 Be7 8. O-O-O
O-O 9. f4 Nbd7 10. h3 h6 11. Bxf6 Nxf6 12. g4 e5 13. Nf3 exf4 14. Qxf4 Qa5 15.
Kb1 Bd7 16. e5 dxe5 17. Qxe5 Qxe5 18. Nxe5 Be6 19. Bc4 Bxc4 20. Nxc4 b5 21. Nb6
Rad8 22. Nbd5 Nxd5 23. Nxd5 Bd6 24. a3 Rfe8 25. Nc3 Be5 26. Rxd8 Rxd8 27. Rd1
Rxd1+ 28. Nxd1 Bd4 29. c3 Ba7 30. Kc2 g6 31. Kd3 f5 32. gxf5 gxf5 33. Ne3 f4 34.
Nd5 Bb8 35. Ke4 Kf7 36. Nxf4 Kf6 37. b3 Bd6 38. a4 bxa4 39. bxa4 1/2-1/2

[Event "Druzynowe Mistrzostwa Polski Niewidomych i Slabowidzacych w Szachach"]
[Site "Wielspin Wagrowiec"]
[Date "1899-12-30"]
[Round "8.12"]
[White "Spychala, Jozefa"]
[Black "Golebiowska-fryga, Barbara"]
[Result "1-0"]
[WhiteTitle "I"]
[BlackTitle "II"]
[WhiteElo "1420"]
[BlackElo "1263"]

1. d4 d6 2. c4 c6 3. Nf3 e6 4. Bf4 Be7 5. Nc3 Nf6 6. e4 h6 7. Bd3 b6 8. O-O g5
9. Be3 Qc7 10. h3 Bd7 11. e5 Ng8 12. exd6 Bxd6 13. Ne4 Na6 14. Nxd6+ Qxd6 15.
c5 bxc5 16. Bxa6 cxd4 17. Bxd4 f6 18. Rc1 c5 19. Bxf6 Qxd1 20. Rfxd1 Nxf6 21.
Rxc5 O-O 22. Ne5 Ba4 23. Rd4 Be8 24. Bc4 Bf7 25. b4 a6 26. a3 Rfd8 27. Rxd8+ Rxd8
28. Bxa6 Ne4 29. Rc2 Rd1+ 30. Kh2 Rd8 31. f3 Nf6 32. Be2 1-0

[Event "Druzynowe Mistrzostwa Polski Niewidomych i Slabowidzacych w Szachach"]
[Site "Wielspin Wagrowiec"]
[Date "1899-12-30"]
[Round "8.13"]
[White "Pawelec, Bartosz"]
[Black "Chojnowski, Marcin"]
[Result "1/2-1/2"]
[WhiteTitle "k"]
[BlackTitle "k+"]
[WhiteElo "1978"]
[BlackElo "2066"]

1. e4 e5 2. Nf3 d6 3. d4 exd4 4. Nxd4 Nf6 5. Nc3 Be7 6. Bf4 O-O 7. Be2 Re8 8. O-O
Nbd7 9. Bg3 Nc5 10. Bf3 g6 11. e5 dxe5 12. Bxe5 c6 13. Re1 Bd7 14. Qd2 Ne6 15.
Rad1 Qb6 16. Nb3 Rad8 17. Ne4 Nxe4 18. Bxe4 c5 19. Qe3 Bc6 20. Bxc6 Qxc6 21. Rxd8
Rxd8 22. Qc3 b6 23. h3 Qd5 24. Bh8 Bf8 25. Bf6 Rd7 26. Re5 Qd6 27. Re2 Qd1+ 28.
Re1 Qd6 29. Re2 Qd1+ 30. Re1 Qd6 31. Re2 1/2-1/2

[Event "Druzynowe Mistrzostwa Polski Niewidomych i Slabowidzacych w Szachach"]
[Site "Wielspin Wagrowiec"]
[Date "1899-12-30"]
[Round "8.14"]
[White "Suder, Ryszard"]
[Black "Lipski, Tadeusz"]
[Result "1/2-1/2"]
[WhiteTitle "k+"]
[BlackTitle "m"]
[WhiteElo "2053"]
[BlackElo "1789"]

1. Nf3 b6 2. g3 Bb7 3. Bg2 g6 4. O-O Bg7 5. c4 d6 6. d4 e6 7. Nc3 Nd7 8. Be3 Ne7
9. Ne1 Bxg2 10. Nxg2 O-O 11. Rc1 Nf6 12. Qd3 d5 13. Rfd1 c6 14. Bf4 Nh5 15. Bg5
Qd7 16. cxd5 cxd5 17. Qb5 Rfd8 18. Qxd7 Rxd7 19. Bxe7 Rxe7 20. e3 Nf6 21. Nf4
Ne8 22. Kf1 Nd6 23. Nd3 Rc7 24. Ke2 Rac8 25. Nb1 Rxc1 26. Rxc1 Rxc1 27. Nxc1 Kf8
28. Nc3 Ke8 29. b3 Kd7 30. Nd3 Kc6 1/2-1/2

[Event "Druzynowe Mistrzostwa Polski Niewidomych i Slabowidzacych w Szachach"]
[Site "Wielspin Wagrowiec"]
[Date "1899-12-30"]
[Round "8.15"]
[White "Wojcieszyn, Zdzislaw"]
[Black "Zoltek, Tadeusz"]
[Result "1/2-1/2"]
[WhiteTitle "k"]
[BlackTitle "FM"]
[WhiteElo "1904"]
[BlackElo "2095"]

1. c4 e6 2. g3 d5 3. Bg2 Nf6 4. cxd5 exd5 5. d4 c6 6. Nf3 Be7 7. O-O O-O 8. Nc3
Re8 9. Bg5 Nbd7 10. e3 Nf8 11. Ne1 Ne6 12. Bxf6 Bxf6 13. Nd3 g6 14. Na4 Bg7 15.
Nac5 Nxc5 16. Nxc5 Qb6 17. Qb3 Qxb3 18. Nxb3 Bf5 19. Rfc1 Rab8 20. Nd2 Bf8 21.
a3 a5 22. Bf1 Bd6 23. Rc3 h5 24. Bd3 Bxd3 25. Rxd3 Kf8 26. Rc3 Ra8 27. h4 a4 28.
Nf3 Kg7 29. Kg2 Re7 30. Rac1 Ree8 1/2-1/2

[Event "Druzynowe Mistrzostwa Polski Niewidomych i Slabowidzacych w Szachach"]
[Site "Wielspin Wagrowiec"]
[Date "1899-12-30"]
[Round "8.16"]
[White "Inglot, Marian"]
[Black "Ruszczycki, Jacek"]
[Result "0-1"]
[WhiteTitle "II"]
[BlackTitle "k"]
[WhiteElo "1410"]
[BlackElo "1859"]

1. e4 c6 2. d4 d5 3. exd5 cxd5 4. Nf3 Bg4 5. Be2 Nc6 6. Nc3 e6 7. O-O Bd6 8. Qd3
Bf5 9. Qd2 Nf6 10. Bd3 Bg4 11. Be2 Rc8 12. Qe3 O-O 13. Nd2 Bf5 14. Bd3 Ng4 15.
Qe2 Nxd4 16. Qd1 Bxh2+ 17. Kh1 Qh4 18. g3 Bxg3+ 0-1

[Event "Druzynowe Mistrzostwa Polski Niewidomych i Slabowidzacych w Szachach"]
[Site "Wielspin Wagrowiec"]
[Date "1899-12-30"]
[Round "8.17"]
[White "Wodas, Pawel"]
[Black "Bialas, Stanislaw"]
[Result "1-0"]
[WhiteTitle "I"]
[BlackTitle "II"]
[WhiteElo "1793"]
[BlackElo "1465"]

1. e4 e5 2. Nf3 Nc6 3. Bb5 Bc5 4. O-O Nge7 5. c3 O-O 6. d4 Bb6 7. d5 a6 8. Bd3
Nb8 9. Nxe5 d6 10. Nc4 Ba7 11. a4 c6 12. dxc6 Nbxc6 13. Ne3 Ne5 14. Bc2 N7g6 15.
Na3 Be6 16. Kh1 Rc8 17. Nf5 Bb8 18. f4 Nc6 19. Ng3 Nge7 20. f5 Bd7 21. f6 Ng6
22. fxg7 Kxg7 23. Nh5+ Kh8 24. Nf6 Be6 25. Qh5 Qxf6 26. Rxf6 Nce5 27. Qe2 Rg8
28. Be3 Rc6 29. Rff1 Nh4 30. Qh5 Nxg2 31. Bg5 Nd7 32. e5 f5 33. exf6 Bd5 1-0

[Event "Druzynowe Mistrzostwa Polski Niewidomych i Slabowidzacych w Szachach"]
[Site "Wielspin Wagrowiec"]
[Date "1899-12-30"]
[Round "8.18"]
[White "Jagiela, Andrzej"]
[Black "Kopiec, Miroslaw"]
[Result "1/2-1/2"]
[WhiteTitle "I"]
[BlackTitle "II+"]
[WhiteElo "1737"]
[BlackElo "1705"]

1. e4 c5 2. Nf3 Nc6 3. Bc4 e6 4. a3 Nf6 5. d3 Be7 6. h3 a6 7. O-O b5 8. Ba2 Bb7
9. Nc3 h6 10. Nh2 g5 11. Ng4 Nxg4 12. Qxg4 Qc7 13. Qh5 Ne5 14. f4 Ng6 15. f5 Ne5
16. fxe6 O-O-O 17. exf7 Rdf8 18. Nd5 Qd6 19. Ne3 Qg6 20. Qxg6 Nxg6 21. Nd5 Bd8
22. Be3 d6 23. Bd2 Rh7 24. Ne3 Ne5 25. Rf2 c4 26. dxc4 Rhxf7 27. Rxf7 Rxf7 28.
Nf5 Rf6 29. cxb5 Bxe4 30. Ng3 Bb6+ 31. Kh2 Bb7 32. bxa6 Bxa6 33. Ne4 Rg6 34. Bd5
g4 35. Bf4 gxh3 36. Kxh3 Kc7 37. Bxe5 dxe5 38. c4 Bc8+ 39. Kh2 Bd4 40. Rb1 Bf5
41. b4 Rg4 42. Re1 Rh4+ 43. Kg3 Rg4+ 44. Kh2 Rh4+ 45. Kg3 Rg4+ 1/2-1/2

[Event "Druzynowe Mistrzostwa Polski Niewidomych i Slabowidzacych w Szachach"]
[Site "Wielspin Wagrowiec"]
[Date "1899-12-30"]
[Round "9.2"]
[White "Zelajtys, Jozef"]
[Black "Wodas, Pawel"]
[Result "0-1"]
[WhiteTitle "I"]
[BlackTitle "I"]
[WhiteElo "1704"]
[BlackElo "1793"]

1. e4 c5 2. g3 g6 3. Bg2 Bg7 4. Ne2 Nc6 5. c3 Nf6 6. O-O d5 7. exd5 Nxd5 8. d4
cxd4 9. Nxd4 Nxd4 10. cxd4 O-O 11. Nc3 Nxc3 12. bxc3 Qc7 13. Ba3 Rd8 14. Rc1 Rb8
15. Qa4 a6 16. f4 Be6 17. Rfe1 Bf6 18. Bb2 Rd7 19. Ba1 Rc8 20. Red1 Bc4 21. h4
e6 22. Re1 h5 23. Qc2 Qd6 24. Be4 Kg7 25. Qg2 b5 26. Bb2 a5 27. a3 Qb6 28. Rcd1
Bb3 29. Rd2 Rcd8 30. Kh2 Qb8 31. Ree2 b4 32. axb4 axb4 33. cxb4 Qxb4 34. Qf3 Bc4
35. Rf2 Bb3 36. Qe3 Bxd4 37. Bxd4+ Rxd4 38. Rxd4 Rxd4 39. Bg2 Bd5 40. Rc2 Bxg2
41. Rxg2 Qd6 42. Qf3 Qd5 43. Qxd5 Rxd5 44. Rc2 Rb5 45. Rd2 Kf8 46. Ra2 Ke7 47.
Ra7+ Kf6 48. Ra2 Rb7 49. Rc2 Ke7 50. Ra2 Rb5 51. Rd2 Rf5 52. Ra2 Kd6 53. Rd2+
Kc6 54. Rc2+ Kb6 55. Rd2 Kb7 56. Rd6 Rd5 0-1

[Event "Druzynowe Mistrzostwa Polski Niewidomych i Slabowidzacych w Szachach"]
[Site "Wielspin Wagrowiec"]
[Date "1899-12-30"]
[Round "9.3"]
[White "Kopiec, Miroslaw"]
[Black "Kaciotys, Mieczyslaw"]
[Result "1/2-1/2"]
[WhiteTitle "II+"]
[BlackTitle "II+"]
[WhiteElo "1705"]
[BlackElo "1668"]

1. e4 e5 2. Nf3 Nc6 3. Bb5 Nge7 4. Nc3 a6 5. Bc4 h6 6. d4 exd4 7. Nxd4 Nxd4 8.
Qxd4 Nc6 9. Qd5 Qf6 10. Bd2 Nb4 11. e5 Qg6 12. Qe4 Qxe4+ 13. Nxe4 Nxc2+ 14. Ke2
Nxa1 15. Rxa1 Be7 16. f4 b6 17. g4 O-O 18. h3 Bb7 19. Ng3 d5 20. Nf5 dxc4 21.
Nxe7+ Kh7 22. f5 Rfe8 23. f6 Rxe7 24. fxe7 Re8 25. Kf2 Rxe7 26. Bc3 c5 27. Rd1
Be4 28. Rd6 Re6 29. Rd7 b5 30. a3 a5 31. Bxa5 Rxe5 32. Rxf7 Bg6 33. Rc7 1/2-1/2

[Event "Druzynowe Mistrzostwa Polski Niewidomych i Slabowidzacych w Szachach"]
[Site "Wielspin Wagrowiec"]
[Date "1899-12-30"]
[Round "9.4"]
[White "Chojnowski, Marcin"]
[Black "Inglot, Marian"]
[Result "1-0"]
[WhiteTitle "k+"]
[BlackTitle "II"]
[WhiteElo "2066"]
[BlackElo "1410"]

1. e4 e5 2. Nf3 Nc6 3. Bb5 a6 4. Ba4 Nf6 5. O-O Bc5 6. c3 O-O 7. d4 Bd6 8. Bxc6
bxc6 9. dxe5 Nxe4 10. exd6 Nxd6 11. Re1 Bb7 12. Bf4 Nf5 13. Qd3 Nh4 14. Nxh4 Qxh4
15. Bg3 Qd8 16. Nd2 c5 17. Nc4 d5 18. Na5 Qc8 19. Nxb7 Qxb7 20. Re2 c4 21. Qf5
1-0

[Event "Druzynowe Mistrzostwa Polski Niewidomych i Slabowidzacych w Szachach"]
[Site "Wielspin Wagrowiec"]
[Date "1899-12-30"]
[Round "9.5"]
[White "Bialas, Stanislaw"]
[Black "Suder, Ryszard"]
[Result "0-1"]
[WhiteTitle "II"]
[BlackTitle "k+"]
[WhiteElo "1465"]
[BlackElo "2053"]

1. e4 d6 2. d4 Nf6 3. Nc3 g6 4. Nf3 Bg7 5. Bc4 O-O 6. O-O Nxe4 7. Nxe4 d5 8. Ned2
dxc4 9. Nxc4 c6 10. c3 Be6 11. Ne3 h6 12. Re1 Nd7 13. h3 Nf6 14. Nh2 Qd7 15. Bd2
Rad8 16. Nef1 Rfe8 17. Qc1 Kh7 18. Nf3 Qc8 19. Ng3 c5 20. dxc5 Qxc5 21. Be3 Qa5
22. b4 Qc7 23. a4 Nd5 24. Bd4 Bxd4 25. cxd4 Rc8 26. Qd2 Qc3 27. Qxc3 Rxc3 28.
b5 Rc2 29. Re2 Rec8 0-1

[Event "Druzynowe Mistrzostwa Polski Niewidomych i Slabowidzacych w Szachach"]
[Site "Wielspin Wagrowiec"]
[Date "1899-12-30"]
[Round "9.6"]
[White "Zoltek, Tadeusz"]
[Black "Jagiela, Andrzej"]
[Result "1-0"]
[WhiteTitle "FM"]
[BlackTitle "I"]
[WhiteElo "2095"]
[BlackElo "1737"]

1. Nf3 Nf6 2. c4 c5 3. Nc3 Nc6 4. d4 cxd4 5. Nxd4 g6 6. e4 d6 7. Be2 Bg7 8. Be3
O-O 9. O-O a6 10. Qd2 Ng4 11. Bxg4 Bxg4 12. f3 Bd7 13. Nd5 Nxd4 14. Bxd4 Bxd4+
15. Qxd4 Bc6 16. Nb6 Rb8 17. Rfd1 Qc7 18. Rac1 Rbd8 19. b4 Qb8 20. a4 Qa7 21.
a5 Qb8 22. Qe3 Kg7 23. h4 h5 24. Qb3 Qa7 25. Kh2 Qb8 26. Kg1 Qa7 27. Kf1 Qb8 28.
Qe3 Kg8 29. Rd2 Qa7 30. Qg5 Rfe8 31. g4 hxg4 32. Qxg4 Kg7 33. h5 Rh8 34. Rg2 Rh6
35. hxg6 Rxg6 36. Qh4 Rxg2 37. Kxg2 Re8 38. Rh1 f6 39. Qh7+ Kf8 40. Qg6 1-0

[Event "Druzynowe Mistrzostwa Polski Niewidomych i Slabowidzacych w Szachach"]
[Site "Wielspin Wagrowiec"]
[Date "1899-12-30"]
[Round "9.7"]
[White "Jagiela, Elzbieta"]
[Black "Malcer, Joanna"]
[Result "1/2-1/2"]
[WhiteTitle "II"]
[BlackTitle "I"]
[WhiteElo "1412"]
[BlackElo "1538"]

1. e4 e6 2. Nf3 d6 3. d4 Nf6 4. Bd3 Be7 5. c3 O-O 6. O-O Nc6 7. Be3 Ng4 8. Re1
Bd7 9. h3 Nxe3 10. Rxe3 Bf6 11. Nbd2 e5 12. d5 Ne7 13. Qc2 Ng6 14. Nf1 Nf4 15.
Ng3 Bg5 16. Nxg5 Qxg5 17. Rae1 Rae8 18. Be2 h5 19. Bf3 h4 20. Ne2 Nxe2+ 21. Qxe2
Bxh3 22. Kh1 Bd7 23. Rg1 Qh6 24. Bg4 Bxg4 25. Qxg4 Re7 26. Rb1 f6 27. Qh3 Qf4
28. Re2 g5 29. f3 Qg3 30. Qh2 Qxh2+ 31. Kxh2 1/2-1/2

[Event "Druzynowe Mistrzostwa Polski Niewidomych i Slabowidzacych w Szachach"]
[Site "Wielspin Wagrowiec"]
[Date "1899-12-30"]
[Round "9.8"]
[White "Kowalczyk, Marian"]
[Black "Pawelec, Bartosz"]
[Result "0-1"]
[WhiteTitle "I++"]
[BlackTitle "k"]
[WhiteElo "1946"]
[BlackElo "1978"]

1. e4 Nc6 2. d4 d5 3. e5 f6 4. f4 Bf5 5. c3 Nh6 6. Nf3 Qd7 7. Bd3 e6 8. Qe2 Be7
9. Be3 fxe5 10. fxe5 Bxd3 11. Qxd3 Nf5 12. Bf2 g5 13. g4 Nh6 14. h3 O-O-O 15.
Nbd2 Rdf8 16. O-O-O Na5 17. Rhf1 Qa4 18. Kb1 Nc4 19. Qc2 Qb5 20. Qb3 Nxd2+ 21.
Nxd2 Qe2 22. Bg1 Qd3+ 23. Qc2 Qxh3 24. Rxf8+ Rxf8 25. Qxh7 Qxg4 26. Kc1 Nf5 27.
Rf1 Re8 28. Qg6 Kd7 29. Kc2 Rh8 30. Bf2 Rh2 31. Be1 Ne3+ 0-1